[Event "9.Open Internacional de Sants B"]
[Site "Barcelona ESP"]
[Date "2007.09.01"]
[Round "9.1"]
[White "Gonzalez Perez, Jose Anibal"]
[Black "Marina de la Torre, Ivan"]
[Result "1-0"]
[WhiteElo "1944"]
[BlackElo "1943"]
[PlyCount "111"]
[EventDate "2007.08.24"]
[EventType "swiss"]
[EventRounds "10"]
[EventCountry "ESP"]
[Source "lmi"]
[SourceDate "2007.08.24"]

1. e4 e6 2. d4 d5 3. Nd2 Nf6 4. e5 Nfd7 5. Bd3 c5 6. c3 Nc6 7. Ne2 cxd4 8. cxd4
f6 9. exf6 Nxf6 10. Nf3 Bd6 11. O-O Qc7 12. Bg5 O-O 13. Bh4 Nh5 14. Bg3 Nxg3
15. hxg3 g6 16. Rc1 Qg7 17. Bb1 Bd7 18. a3 a6 19. b4 Rad8 20. Qb3 Kh8 21. Rcd1
Rc8 22. Rc1 Qe7 23. Rfe1 Nd8 24. Rxc8 Bxc8 25. Nc3 Qf6 26. Na4 Nc6 27. Qe3 Ne7
28. Nb6 Re8 29. Bc2 Bc7 30. Ba4 Bxb6 31. Bxe8 Nf5 32. Qc3 Qd8 33. Rc1 Nd6 34.
Ba4 Bd7 35. Bxd7 Qxd7 36. Qe3 Nc4 37. Qf4 Qe7 38. Ne5 Bc7 39. Qh6 Bxe5 40. dxe5
Kg8 41. Rc3 Qd8 42. Qf4 Qf8 43. Kf1 Qf5 44. Qxf5 gxf5 45. Ke2 b6 46. f4 Kf7 47.
a4 b5 48. axb5 axb5 49. Rc2 Ke7 50. Ra2 Kd7 51. Ra7+ Kc6 52. Rxh7 d4 53. Kd3
Ne3 54. Re7 Kd5 55. Rd7+ Kc6 56. Rd6+ 1-0

[Event "9.Open Internacional de Sants B"]
[Site "Barcelona ESP"]
[Date "2007.09.02"]
[Round "10.1"]
[White "Pacheco Bubi, Rafel"]
[Black "Gonzalez Perez, Jose Anibal"]
[Result "1-0"]
[WhiteElo "1878"]
[BlackElo "1944"]
[PlyCount "29"]
[EventDate "2007.08.24"]
[EventType "swiss"]
[EventRounds "10"]
[EventCountry "ESP"]
[Source "lmi"]
[SourceDate "2007.08.24"]

1. e4 e5 2. Nf3 Nc6 3. Bb5 a6 4. Bxc6 dxc6 5. O-O Qd6 6. d3 f6 7. Nc3 Bd7 8.
Be3 c5 9. Nd2 Ne7 10. Nc4 Qc6 11. Na5 Qb6 12. Nb3 Ng6 13. Nd5 Qc6 14. Na5 Qa4
15. Qd2 1-0

[Event "9.Open Internacional de Sants B"]
[Site "Barcelona ESP"]
[Date "2007.09.02"]
[Round "10.2"]
[White "Marina de la Torre, Ivan"]
[Black "Poveda Jimenez, Vicente"]
[Result "0-1"]
[WhiteElo "1943"]
[BlackElo "1947"]
[PlyCount "130"]
[EventDate "2007.08.24"]
[EventType "swiss"]
[EventRounds "10"]
[EventCountry "ESP"]
[Source "lmi"]
[SourceDate "2007.08.24"]

1. d4 Nf6 2. Bg5 e6 3. e3 Be7 4. Bd3 O-O 5. c4 d5 6. Nc3 Nbd7 7. cxd5 exd5 8.
Nge2 Re8 9. Qc2 c6 10. O-O Nf8 11. Bxf6 Bxf6 12. b4 Be7 13. b5 Bd6 14. Ng3 Qh4
15. bxc6 bxc6 16. Nce2 Bd7 17. Rfc1 c5 18. dxc5 Rac8 19. Qb3 Bxc5 20. Qxd5 Be6
21. Qh5 Qe7 22. Bf5 g6 23. Qh6 Bxf5 24. Nxf5 gxf5 25. Ng3 Qe6 26. Qg5+ Qg6 27.
Qf4 Qg4 28. Qxf5 Qxf5 29. Nxf5 Ng6 30. Rc4 Bf8 31. Rac1 Rxc4 32. Rxc4 Rb8 33.
g3 Rb4 34. Rc8 Rb1+ 35. Kg2 Rb2 36. h4 h5 37. g4 hxg4 38. h5 Ne5 39. h6 Ng6 40.
Kg3 Rxa2 41. Nh4 Nxh4 42. Kxh4 Rxf2 43. h7+ Kxh7 44. Rxf8 f5 45. Rf7+ Kg6 46.
Rxa7 Rh2+ 47. Kg3 Rh3+ 48. Kf2 Rh2+ 49. Kg3 Rh3+ 50. Kf2 Rf3+ 51. Ke2 Kg5 52.
Rh7 Rh3 53. Rg7+ Kh4 54. Rh7+ Kg3 55. Rf7 Rh2+ 56. Kf1 Rh5 57. Ke2 Kh2 58. Rg7
Kg3 59. Rf7 Rh2+ 60. Ke1 Rf2 61. Rf6 Kg2 62. e4 f4 63. e5 f3 64. Rf4 Re2+ 65.
Kd1 g3 0-1